| 000 | 00484 a2200193 4500 | ||
|---|---|---|---|
| 005 | 20260112153820.0 | ||
| 008 | 260112b |||||||| |||| 00| 0 eng d | ||
| 020 |
_a9781635491159 _c$ 130.00 |
||
| 040 | _aMAIN | ||
| 082 |
_a660.634 _bE58E |
||
| 100 | _aElliott, Benjy | ||
| 245 | _aEnzyme biotechnology | ||
| 260 |
_bLarsen and Keller Education _c2017 _aNew York |
||
| 300 | _aviii, 225 | ||
| 650 | _aEnzymes | ||
| 650 | _aBiotechnology | ||
| 650 | _aEnzymology | ||
| 942 | _cBK | ||
| 999 |
_c394099 _d394099 |
||